Every Song by the Runaways - Statistics

General Stats
  • This quiz has been taken 12 times
  • The average score is 13 of 40
Answer Stats
Album Song % Correct
The Runaways(1976) Cherry Bomb
100%
Queens of Noise(1977) Queens of Noise
80%
The Runaways(1976) You Drive Me Wild
70%
The Runaways(1976) Dead End Justice
60%
The Runaways(1976) Is It Day or Night?
60%
The Runaways(1976) Lovers
60%
The Runaways(1976) American Nights
50%
The Runaways(1976) Blackmail
50%
Queens of Noise(1977) I Love Playin' with Fire
50%
Queens of Noise(1977) Johnny Guitar
50%
Waitin' for the Night(1977) School Days
50%
The Runaways(1976) Secrets
50%
Waitin' for the Night(1977) Wasted
50%
Queens of Noise(1977) Hollywood
40%
Queens of Noise(1977) California Paradise
30%
Live in Japan(1977) C'mon
30%
Live in Japan(1977) I Wanna Be Where the Boys Are
30%
Queens of Noise(1977) Neon Angels on the Road to Ruin
30%
Queens of Noise(1977) Take It or Leave It
30%
And Now... The Runaways(1978) Takeover
30%
The Runaways(1976) Thunder
30%
Waitin' for the Night(1977) Trash Can Murders
30%
Waitin' for the Night(1977) Waitin' for the Night
30%
Queens of Noise(1977) Born to Be Bad
20%
Live in Japan(1977) Gettin' Hot
20%
Waitin' for the Night(1977) Don't Go Away
20%
Queens of Noise(1977) Heartbeat
20%
Waitin' for the Night(1977) Little Sister
20%
Waitin' for the Night(1977) Wait for Me
20%
Waitin' for the Night(1977) You're Too Possessive
20%
Waitin' for the Night(1977) Fantasies
10%
And Now... The Runaways(1978) I'm a Million
10%
And Now... The Runaways(1978) Little Lost Girls
10%
Queens of Noise(1977) Midnight Music
10%
And Now... The Runaways(1978) My Buddy and Me
10%
And Now... The Runaways(1978) Right Now
10%
Flaming Schoolgirls(1980) Don't Abuse Me
0%
Waitin' for the Night(1977) Gotta Get Out Tonight
0%
Flaming Schoolgirls(1980) Hollywood Dream
0%
Flaming Schoolgirls(1980) Intro
0%
No matching quizzes found
Score Distribution
Percent of People with Each Score
Percentile by Number Answered
Your Score History
You have not taken this quiz